Loading...
Edible seaweeds of the world
| Main Author: | |
|---|---|
| Format: | Printed Book |
| Published: |
CRC Press
2016
|
| Subjects: |
| LEADER | 00578nam a2200193 4500 | ||
|---|---|---|---|
| 020 | |c 127.00 lbs | ||
| 082 | |a R641.303 PER-E | ||
| 100 | |a Pereira, Leonel | ||
| 245 | |a Edible seaweeds of the world | ||
| 250 | |||
| 260 | |a CRC Press |c 2016 | ||
| 300 | |a HB+453 | ||
| 490 | |||
| 500 | |||
| 590 | |a Southern Book Star |b SBS-T/115 dtd 04/07/2016 |c 127.00 lbs | ||
| 650 | |a Marine plants-Nutrition, Plants, Edible | ||
| 942 | |c BK | ||
| 999 | |c 99351 |d 99351 | ||
| 952 | |0 0 |1 0 |4 0 |6 R_641_303000000000000_PERE |7 0 |9 112819 |a AQU |b AQU |g 127.00 |l 0 |o R641.303 PER-E |p AQU05847 |r 2019-09-25 |w 2019-09-25 |y BK | ||